| 000 | 00473nam a22001817a 4500 | ||
|---|---|---|---|
| 003 | OSt | ||
| 005 | 20140310181735.0 | ||
| 008 | 130319t xxu||||| |||| 00| 0 eng d | ||
| 050 |
_aBV 1523 _b.M981 1938 |
||
| 082 |
_aBV 1523 _bM8 |
||
| 245 |
_aPsychology for Christian teachers _cAlfred L. Murray |
||
| 260 |
_aGrand Rapids, Mich. _bZondervan Pub. House |
||
| 300 |
_a245 p. _c20 cm |
||
| 521 | _aTeachers | ||
| 541 | _j1 | ||
| 562 | _e1 | ||
| 942 |
_2lcc _cBK-TR _kTR |
||
| 999 |
_c2532 _d2532 |
||